000 01455cam a22003973a 4500
001 12718590
003 OSt
005 20140310184337.0
008 961216s1997 nyu c 000 1 eng d
010 _a 2002567562
020 _a0590568884 (pbk.)
035 _a(OCoLC)ocm36096466
040 _aSJP
_cSJP
_dSLC
_dOCL
_dDLC
_dWaU
_dDLC
042 _alccopycat
050 0 0 _aPZ 7
_b.St859Bs 1997
100 1 _aStine, R. L.
_93762
245 1 0 _aBeware, the snowman /
_cR.L. Stine.
260 _aNew York :
_bScholastic,
_c1997
300 _a113 p. ;
_c20 cm.
490 1 _aGoosebumps ;
_v#51
500 _a"An Apple paperback."
500 _a"A Parachute Press book."
520 _aJaclyn and her aunt have moved to Sherpia. There's something odd about the village. At night there are strange howling noises. And in front of every house there's a snowman. A creepy snowman with a red scarf. A deep scar on his face. And a really evil smile...
521 0 _aG2
526 _c450
562 _eFor circulation. 1 copy in the collection
650 0 _aSnowmen
_vFiction.
_924188
650 0 _aHorror tales.
_93763
655 7 _aHorror fiction.
_2gsafd
_93405
710 2 _aCopyright Paperback Collection (Library of Congress)
_5DLC
_9705
800 1 _aStine, R. L.
_tGoosebumps ;
_v51.
_924189
906 _a7
_bcbc
_ccopycat
_d2
_encip
_f20
_gy-genrareb
942 _2lcc
_cBK-SCHOLAS
999 _c33751
_d33751